Standard method of measurement for use by the M.E.S. in India (provisional) (Record no. 90099)

MARC details
000 -LEADER
fixed length control field 00509cam a2200193 4500
001 - CONTROL NUMBER
control field D5139
008 - FIXED-LENGTH DATA ELEMENTS--GENERAL INFORMATION
fixed length control field 090401t1935 xxu||||| |||| 00| 0 eng d
035 ## - SYSTEM CONTROL NUMBER
System control number (Sirsi) u35358
041 ## - LANGUAGE CODE
Language code of text/sound track or separate title eng
050 ## - LIBRARY OF CONGRESS CALL NUMBER
Classification number 692.30954
110 ## - MAIN ENTRY--CORPORATE NAME
Corporate name or jurisdiction name as entry element War Office
9 (RLIN) 3243
245 ## - TITLE STATEMENT
Title Standard method of measurement for use by the M.E.S. in India (provisional)
260 ## - PUBLICATION, DISTRIBUTION, ETC.
Place of publication, distribution, etc. Simla
Name of publisher, distributor, etc. Government of India Press
Date of publication, distribution, etc. 1935
300 ## - PHYSICAL DESCRIPTION
Extent 15p. 30cm
350 ## - PRICE (NR) (BK AM CF MU VM SE) [OBSOLETE]
Price 0
520 ## - SUMMARY, ETC.
Summary, etc. Filed at SMM 1935/2B
942 ## - ADDED ENTRY ELEMENTS (KOHA)
Suppress in OPAC 0
948 ## - LOCAL PROCESSING INFORMATION (OCLC); SERIES PART DESIGNATOR (RLIN)
c (OCLC) 04/03/1997
Holdings
Withdrawn status Lost status Source of classification or shelving scheme Damaged status Not for loan Home library Current library Shelving location Date acquired Total Checkouts Full call number Barcode Date last seen Copy number Price effective from Koha item type
    Other/Generic Classification Scheme     London London Gallery 15/01/1992   SMM 1935/2 30032179 06/08/2019 1 06/08/2019 Reference material